Interný audit = poradenstvo pre manažment

Vysvetlenie pojmu interný audit. Význam potreby poradenstva v moderných podnikoch a podnikateľskom prostredí. Služby externých poradcov podpory manažmentu. Interné miesta ako poradcovia. Nová úloha interného auditu. zabezpečovacie služby. Konzultačné služby. Diskutovanie otázky, či interný audit má...

Descripción completa

Guardado en:
Detalles Bibliográficos
Autor principal: Ruud, Fleming
Otros Autores: Eder, Stephan, Dzimková, Renata
Formato: Capítulo de libro
Lenguaje:eslovaco
Materias:
Etiquetas: Agregar Etiqueta
Sin Etiquetas, Sea el primero en etiquetar este registro!

MARC

LEADER 00000naa a2200000 4500
001 r040382
005 20231002065735.4
041 0 |a slo 
044 |a SK 
245 1 0 |a Interný audit = poradenstvo pre manažment  |c Ruud Fleming, Stephan Eder ; Preložila: Renata Dzimková 
520 |a Vysvetlenie pojmu interný audit. Význam potreby poradenstva v moderných podnikoch a podnikateľskom prostredí. Služby externých poradcov podpory manažmentu. Interné miesta ako poradcovia. Nová úloha interného auditu. zabezpečovacie služby. Konzultačné služby. Diskutovanie otázky, či interný audit má potrebné kompetencie pre poradenstvo pre manažment. 
610 2 0 |a audit interný 
610 2 0 |a poradenstvo 
610 2 0 |a služby konzultačné 
610 2 0 |a poradcovia 
610 2 0 |a prostredie podnikateľské 
100 1 |a Ruud, Fleming 
700 1 |a Eder, Stephan 
700 1 |a Dzimková, Renata